Management of health and safety at work (Record no. 110927)

MARC details
000 -LEADER
fixed length control field 00992cad a22002295a 4500
001 - CONTROL NUMBER
control field L150628
008 - FIXED-LENGTH DATA ELEMENTS--GENERAL INFORMATION
fixed length control field 100805s2010 xxk f 000 0 eng d
020 ## - INTERNATIONAL STANDARD BOOK NUMBER
International Standard Book Number 9780717624881
035 ## - SYSTEM CONTROL NUMBER
System control number (Sirsi) u150628
041 0# - LANGUAGE CODE
Language code of text/sound track or separate title eng
110 2# - MAIN ENTRY--CORPORATE NAME
Corporate name or jurisdiction name as entry element Great Britain
Subordinate unit Health and Safety Executive
245 00 - TITLE STATEMENT
Title Management of health and safety at work
Remainder of title Management of Health and Safety at Work Regulations 1999
-- Approved Code of Practice & guidance
Medium [electronic resource]
250 ## - EDITION STATEMENT
Edition statement 2nd ed.
260 ## - PUBLICATION, DISTRIBUTION, ETC.
Place of publication, distribution, etc. HSE
Date of publication, distribution, etc. 2000
490 #0 - SERIES STATEMENT
Series statement HSE Approved Code of Practice and Guidance
Volume/sequential designation (L21)
520 ## - SUMMARY, ETC.
Summary, etc. Advice on how to comply with duties under the Management of Health and Safety at Work regulations 1999. (web friendly version of L21)
650 24 - SUBJECT ADDED ENTRY--TOPICAL TERM
Topical term or geographic name entry element MANAGEMENT OF HEALTH AND SAFETY AT WORK REGULATIONS 1999
651 #4 - SUBJECT ADDED ENTRY--GEOGRAPHIC NAME
Geographic name Great Britain
Chronological subdivision 1707-
690 ## - LOCAL SUBJECT ADDED ENTRY--TOPICAL TERM (OCLC, RLIN)
Topical term or geographic name as entry element Health and safety
9 (RLIN) 6244
856 40 - ELECTRONIC LOCATION AND ACCESS
Uniform Resource Identifier <a href="https://www.hse.gov.uk/pubns/priced/l21.pdf">https://www.hse.gov.uk/pubns/priced/l21.pdf</a>
Public note View the guidance free of charge at www.hse.gov.uk
942 ## - ADDED ENTRY ELEMENTS (KOHA)
Suppress in OPAC 0
Holdings
Withdrawn status Lost status Source of classification or shelving scheme Damaged status Not for loan Home library Current library Shelving location Date acquired Total Checkouts Full call number Barcode Date last seen Copy number Price effective from Koha item type
    Dewey Decimal Classification     Virtual Virtual Online 05/08/2010   ONLINE PUBLICATION 150628-2001 06/08/2019 1 06/08/2019 Book